[Event "NB II. Toth Laszlo csoport"]
[Site "Kecskemet"]
[Date "2024.02.18"]
[Round "4.2"]
[White "Abel, Lajos"]
[Black "Puskas, Mihaly"]
[Result "1-0"]
[WhiteElo "2181"]
[BlackElo "1935"]
[PlyCount "77"]
[EventDate "2023.10.08"]
[EventType "team-tourn"]
[EventRounds "9"]
[EventCountry "HUN"]
[Source "chess.hu"]
[WhiteTeam "Neumann J. Egyetem"]
[BlackTeam "Bekesszentandras-KuTE"]
[WhiteTeamCountry "HUN"]
[BlackTeamCountry "HUN"]

1. d4 d5 2. Nf3 c6 3. Bf4 Qb6 4. Qc1 Bg4 5. Nbd2 Nd7 6. h3 Bh5 7. e3 Ngf6 8. c4
e6 9. c5 Qd8 10. b4 Be7 11. a4 O-O 12. Be2 Ne4 13. Nxe4 dxe4 14. Nd2 Bxe2 15.
Kxe2 Nf6 16. Be5 Qd5 17. Qc2 Nd7 18. Qxe4 Nxe5 19. Qxe5 Qxe5 20. dxe5 a5 21.
Rhb1 Rfb8 22. Ne4 b6 23. bxa5 bxa5 24. Nd6 f6 25. f4 fxe5 26. fxe5 Rb4 27. Rxb4
axb4 28. Kd3 Bg5 29. a5 g6 30. Ne4 Bh6 31. a6 b3 32. Rb1 Rxa6 33. Rxb3 Ra2 34.
Rb8+ Bf8 35. g4 Ra3+ 36. Ke2 Ra2+ 37. Kf3 Ra7 38. Rc8 Ra6 39. Ng5 1-0

[Event "NB II. Toth Laszlo csoport"]
[Site "Kecskemet"]
[Date "2024.02.18"]
[Round "4.3"]
[White "Hajdu, Istvan"]
[Black "Csala, Imre"]
[Result "1/2-1/2"]
[WhiteElo "1740"]
[BlackElo "1999"]
[PlyCount "43"]
[EventDate "2023.10.08"]
[EventType "team-tourn"]
[EventRounds "9"]
[EventCountry "HUN"]
[Source "chess.hu"]
[WhiteTeam "Bekesszentandras-KuTE"]
[BlackTeam "Neumann J. Egyetem"]
[WhiteTeamCountry "HUN"]
[BlackTeamCountry "HUN"]

1. e4 d6 2. d4 g6 3. Nf3 Bg7 4. Nc3 Nc6 5. Be3 Nf6 6. h3 O-O 7. d5 Ne5 8. Nd4
c5 9. dxc6 Nxc6 10. Be2 Nxd4 11. Bxd4 e5 12. Be3 Be6 13. O-O a6 14. Qd2 d5 15.
exd5 Nxd5 16. Nxd5 Qxd5 17. Qxd5 Bxd5 18. Rfd1 Bc6 19. Rd2 f5 20. Bc4+ Kh8 21.
Rad1 Bf6 22. Bb6 1/2-1/2

[Event "NB II. Toth Laszlo csoport"]
[Site "Kecskemet"]
[Date "2024.02.18"]
[Round "4.4"]
[White "Szekeres, Janos"]
[Black "Brhlik, Gyorgy"]
[Result "0-1"]
[WhiteElo "1931"]
[BlackElo "1856"]
[PlyCount "118"]
[EventDate "2023.10.08"]
[EventType "team-tourn"]
[EventRounds "9"]
[EventCountry "HUN"]
[Source "chess.hu"]
[WhiteTeam "Neumann J. Egyetem"]
[BlackTeam "Bekesszentandras-KuTE"]
[WhiteTeamCountry "HUN"]
[BlackTeamCountry "HUN"]

1. e4 e5 2. Nf3 Nc6 3. d4 exd4 4. Bc4 Bb4+ 5. c3 dxc3 6. O-O Nf6 7. a3 Be7 8.
Nxc3 d6 9. Nd4 Ne5 10. Be2 Bd7 11. f4 Nc6 12. Nf5 Bxf5 13. exf5 d5 14. Bf3 d4
15. Qb3 Rb8 16. Rd1 O-O 17. g4 Na5 18. Qc2 c5 19. g5 Nd7 20. Nd5 Nb6 21. Nxe7+
Qxe7 22. b4 cxb4 23. axb4 Rbc8 24. Qa2 Nac4 25. Rxd4 Qxb4 26. Kg2 Qc3 27. Re4
Rfe8 28. Re2 a5 29. Rb1 a4 30. Bxb7 Rcd8 31. g6 hxg6 32. fxg6 Rxe2+ 33. Qxe2
fxg6 34. Qe6+ Kf8 35. Qxg6 Rd6 36. Qf5+ Kg8 37. Be4 g6 38. Qb5 Rd8 39. Bxg6 Nd5
40. Bh5 Nce3+ 41. Kf2 Rf8 42. Bf3 Qd4 43. Rb2 Nd1+ 44. Kg2 N5e3+ 45. Bxe3 Nxe3+
46. Kh1 Qxf4 47. Rf2 Rf7 48. Qc6 Qe5 49. Qxa4 Qc3 50. Qa8+ Kg7 51. Rg2+ Nxg2
52. Kxg2 Qd2+ 53. Kg3 Qf4+ 54. Kg2 Rc7 55. Qa1+ Kh7 56. Qb1+ Kh8 57. Qb2+ Rg7+
58. Kf1 Qxf3+ 59. Ke1 Qh1+ 0-1

[Event "NB II. Toth Laszlo csoport"]
[Site "Kecskemet"]
[Date "2024.02.18"]
[Round "4.5"]
[White "Bogar, Attila"]
[Black "Lehocz, Jozsef"]
[Result "0-1"]
[WhiteElo "1787"]
[BlackElo "1983"]
[PlyCount "58"]
[EventDate "2023.10.08"]
[EventType "team-tourn"]
[EventRounds "9"]
[EventCountry "HUN"]
[Source "chess.hu"]
[WhiteTeam "Bekesszentandras-KuTE"]
[BlackTeam "Neumann J. Egyetem"]
[WhiteTeamCountry "HUN"]
[BlackTeamCountry "HUN"]

1. d4 b6 2. c4 Bb7 3. Bf4 e6 4. a3 Be7 5. e3 f5 6. Nf3 Nf6 7. Nc3 O-O 8. Bd3
Ne4 9. Bxe4 fxe4 10. Nd2 d5 11. Qg4 Rf6 12. Bg3 c5 13. dxc5 bxc5 14. Nb5 Rg6
15. Qe2 a6 16. Nc3 Bf6 17. h4 Nc6 18. h5 Rg5 19. Bf4 Rxg2 20. Kf1 e5 21. Kxg2
exf4 22. exf4 Nd4 23. Qd1 e3 24. fxe3 Nf5 25. Rh3 Nxe3+ 26. Rxe3 d4+ 27. Rf3
dxc3 28. bxc3 Bxc3 29. Ra2 Bxf3+ 0-1

[Event "NB II. Toth Laszlo csoport"]
[Site "Kecskemet"]
[Date "2024.02.18"]
[Round "4.6"]
[White "Andriska, Zsolt"]
[Black "Radics, Laszlo"]
[Result "1-0"]
[WhiteElo "2039"]
[BlackElo "1833"]
[PlyCount "51"]
[EventDate "2023.10.08"]
[EventType "team-tourn"]
[EventRounds "9"]
[EventCountry "HUN"]
[Source "chess.hu"]
[WhiteTeam "Neumann J. Egyetem"]
[BlackTeam "Bekesszentandras-KuTE"]
[WhiteTeamCountry "HUN"]
[BlackTeamCountry "HUN"]

1. e4 c5 2. f4 e6 3. Nf3 Nc6 4. g3 g6 5. Bg2 Bg7 6. O-O Nge7 7. c3 d5 8. e5 O-O
9. d4 cxd4 10. cxd4 b6 11. Nc3 Ba6 12. Rf2 Rc8 13. g4 h6 14. Be3 Na5 15. Nd2
Nc4 16. Nxc4 Bxc4 17. Ne2 Bxe2 18. Qxe2 Qd7 19. Raf1 Rc4 20. Bh3 Nc6 21. Qd1
Qe7 22. b3 Rc3 23. Qd2 Qb4 24. f5 exf5 25. gxf5 Nxd4 26. Bxd4 1-0

[Event "NB II. Toth Laszlo csoport"]
[Site "Kecskemet"]
[Date "2024.02.18"]
[Round "4.7"]
[White "Zsirmik, Zsombor"]
[Black "Lovas, Daniel Dr"]
[Result "0-1"]
[WhiteElo "1561"]
[BlackElo "2000"]
[PlyCount "76"]
[EventDate "2023.10.08"]
[EventType "team-tourn"]
[EventRounds "9"]
[EventCountry "HUN"]
[Source "chess.hu"]
[WhiteTeam "Bekesszentandras-KuTE"]
[BlackTeam "Neumann J. Egyetem"]
[WhiteTeamCountry "HUN"]
[BlackTeamCountry "HUN"]

1. e4 g6 2. d4 Bg7 3. Nf3 d6 4. Be2 Nf6 5. Nc3 c6 6. O-O O-O 7. h3 b5 8. a3 a6
9. Be3 Qc7 10. Qc1 Re8 11. Bf4 e5 12. dxe5 dxe5 13. Be3 Nbd7 14. Rd1 Bb7 15.
Ne1 Rad8 16. f3 Nf8 17. Nd3 Ne6 18. Nc5 Nd4 19. Bf1 Nd7 20. Nd3 Nf8 21. Ne2
Nfe6 22. Nxd4 exd4 23. Bf4 Nxf4 24. Qxf4 Qxf4 25. Nxf4 c5 26. a4 c4 27. axb5
axb5 28. Ra5 Bc6 29. b3 d3 30. cxd3 cxb3 31. Rb1 b2 32. d4 Bxd4+ 33. Kh1 Ra8
34. Rxa8 Rxa8 35. Bd3 Ra3 36. Rd1 Be3 37. g3 Bxf4 38. gxf4 Rxd3 0-1

[Event "NB II. Toth Laszlo csoport"]
[Site "Kecskemet"]
[Date "2024.02.18"]
[Round "4.8"]
[White "Talmacsi, Jozsef"]
[Black "Kovacs, Tibor T"]
[Result "1-0"]
[WhiteElo "2000"]
[BlackElo "1651"]
[PlyCount "83"]
[EventDate "2023.10.08"]
[EventType "team-tourn"]
[EventRounds "9"]
[EventCountry "HUN"]
[Source "chess.hu"]
[WhiteTeam "Neumann J. Egyetem"]
[BlackTeam "Bekesszentandras-KuTE"]
[WhiteTeamCountry "HUN"]
[BlackTeamCountry "HUN"]

1. d4 e6 2. Nf3 Nf6 3. g3 d5 4. Bg2 c6 5. O-O Be7 6. c4 O-O 7. Qc2 Nbd7 8. Nbd2
b6 9. e4 dxe4 10. Nxe4 Bb7 11. Rd1 Nxe4 12. Qxe4 Nf6 13. Qc2 h6 14. h4 Qc7 15.
Bf4 Bd6 16. Bxd6 Qxd6 17. c5 bxc5 18. dxc5 Qc7 19. a3 Rfd8 20. Qe2 Rxd1+ 21.
Rxd1 Rd8 22. b4 Rxd1+ 23. Qxd1 Nd5 24. Qd4 a6 25. Nd2 Kf8 26. Nc4 Qd7 27. Qe5
Qd8 28. Bf1 Qc7 29. Qd6+ Qxd6 30. Nxd6 Ba8 31. Bxa6 Nc7 32. Bd3 f5 33. f4 Ne8
34. Nxe8 Kxe8 35. Kf2 Bb7 36. Ke3 Ke7 37. Kd4 Kf6 38. Be2 Bc8 39. a4 Ke7 40.
Ke5 Kd7 41. Bc4 Ke7 42. b5 1-0

[Event "NB II. Toth Laszlo csoport"]
[Site "Kecskemet"]
[Date "2024.02.18"]
[Round "4.9"]
[White "Mohay, Henrik"]
[Black "Kovacs, Gabor"]
[Result "0-1"]
[WhiteElo "1491"]
[BlackElo "1981"]
[PlyCount "94"]
[EventDate "2023.10.08"]
[EventType "team-tourn"]
[EventRounds "9"]
[EventCountry "HUN"]
[Source "chess.hu"]
[WhiteTeam "Bekesszentandras-KuTE"]
[BlackTeam "Neumann J. Egyetem"]
[WhiteTeamCountry "HUN"]
[BlackTeamCountry "HUN"]

1. d4 Nf6 2. Nf3 g6 3. g3 Bg7 4. Bg2 O-O 5. O-O d5 6. c4 c6 7. Nbd2 Bf5 8. b3
Nbd7 9. Bb2 Ne4 10. Nxe4 Bxe4 11. Nd2 Bxg2 12. Kxg2 Qb6 13. e3 e5 14. dxe5 Nxe5
15. cxd5 Rad8 16. Bxe5 Bxe5 17. Nc4 Qc7 18. Nxe5 Qxe5 19. Qf3 Rxd5 20. Rfd1
Rfd8 21. Qe2 Qe4+ 22. Kg1 R8d6 23. Rxd5 Qxd5 24. Rc1 h5 25. h4 Qa5 26. Rc2 Qd8
27. Qc4 Qd7 28. Qf4 Rd1+ 29. Kg2 Qd3 30. Qc4 Qf5 31. e4 Qe5 32. Kf3 Rd4 33. Qe2
Qd6 34. Kg2 Rd1 35. Qe3 b6 36. Qe2 c5 37. Qe3 Rd3 38. Qe2 Qd4 39. Kg1 Qa1+ 40.
Kg2 Qd4 41. Kg1 b5 42. Rxc5 Rxg3+ 43. Kh2 Rg4 44. Rg5 Rxe4 45. Qf3 Rf4 46. Qg3
Rxf2+ 47. Kh3 Qd7+ 0-1

[Event "NB II. Toth Laszlo csoport"]
[Site "Kecskemet"]
[Date "2024.02.18"]
[Round "4.10"]
[White "Szabo, Balazs"]
[Black "Tari, Janos"]
[Result "1-0"]
[WhiteElo "1613"]
[BlackElo "1531"]
[PlyCount "25"]
[EventDate "2023.10.08"]
[EventType "team-tourn"]
[EventRounds "9"]
[EventCountry "HUN"]
[Source "chess.hu"]
[WhiteTeam "Neumann J. Egyetem"]
[BlackTeam "Bekesszentandras-KuTE"]
[WhiteTeamCountry "HUN"]
[BlackTeamCountry "HUN"]

1. d4 Nf6 2. Nc3 e6 3. e4 Nc6 4. Nf3 Be7 5. Bd3 O-O 6. e5 Nd5 7. Nxd5 exd5 8.
O-O d6 9. h3 dxe5 10. dxe5 Be6 11. b3 Bb4 12. Ng5 f5 13. Nxe6 1-0

[Event "NB II. Toth Laszlo csoport"]
[Site "Kecskemet"]
[Date "2024.02.18"]
[Round "4.11"]
[White "Szilagyi, Peter"]
[Black "Polgar, Mark"]
[Result "1-0"]
[WhiteElo "1396"]
[BlackElo "1219"]
[PlyCount "49"]
[EventDate "2023.10.08"]
[EventType "team-tourn"]
[EventRounds "9"]
[EventCountry "HUN"]
[Source "chess.hu"]
[WhiteTeam "Bekesszentandras-KuTE"]
[BlackTeam "Neumann J. Egyetem"]
[WhiteTeamCountry "HUN"]
[BlackTeamCountry "HUN"]

1. e4 e5 2. Bc4 Nf6 3. d3 Nc6 4. Ne2 Bc5 5. c3 d5 6. exd5 Nxd5 7. Qb3 Nb6 8.
Bxf7+ Kf8 9. Bh5 Bxf2+ 10. Kxf2 Qh4+ 11. Ng3 g6 12. Rf1 Ke7 13. Kg1 Be6 14.
Qa3+ Kd7 15. Bf3 g5 16. Ne4 Qh6 17. Bxg5 Qg6 18. Bh5 Qg7 19. Nc5+ Kc8 20. Nxe6
Qd7 21. Bg4 Kb8 22. Rf8+ Rxf8 23. Qxf8+ Qc8 24. Nd8 Nd7 25. Bxd7 1-0

[Event "NB II. Toth Laszlo csoport"]
[Site "Bekesszentandras"]
[Date "2024.03.03"]
[Round "5.1"]
[White "Kunos, Zoltan"]
[Black "Fabian Nagy, Sandor"]
[Result "1-0"]
[WhiteElo "2055"]
[BlackElo "1966"]
[PlyCount "125"]
[EventDate "2023.10.08"]
[EventType "team-tourn"]
[EventRounds "9"]
[EventCountry "HUN"]
[Source "chess.hu"]
[WhiteTeam "Oroshazi SE"]
[BlackTeam "Bekesszentandras-KuTE"]
[WhiteTeamCountry "HUN"]
[BlackTeamCountry "HUN"]

1. g3 d5 2. Bg2 e5 3. c4 d4 4. d3 Nf6 5. Nf3 Nc6 6. O-O Be7 7. e3 O-O 8. exd4
exd4 9. Bf4 Bd6 10. Bxd6 Qxd6 11. Na3 a6 12. Qb3 b6 13. Rfe1 Rb8 14. Qa4 Nb4
15. Qb3 c5 16. Nc2 b5 17. Ne5 Nxc2 18. Qxc2 Bb7 19. f4 b4 20. Bxb7 Rxb7 21. Qg2
Rb6 22. Re2 g6 23. Rae1 a5 24. Qf3 Rd8 25. g4 a4 26. g5 Nh5 27. f5 Rf8 28. Ng4
Rbb8 29. Nh6+ Kg7 30. f6+ Nxf6 31. gxf6+ Qxf6 32. Qxf6+ Kxf6 33. Ng4+ Kg7 34.
Re7 h5 35. Ne5 Rbe8 36. Nd7 Rxe7 37. Rxe7 Rc8 38. Re5 Rc7 39. Nxc5 Kf6 40. Rd5
a3 41. bxa3 bxa3 42. Ne4+ Ke6 43. Ra5 f5 44. Ng5+ Kf6 45. Nf3 Rb7 46. Rxa3 Rb1+
47. Kg2 Rb2+ 48. Kg3 g5 49. Ra6+ Kg7 50. Nxg5 Rd2 51. Ne6+ Kf7 52. Nf4 h4+ 53.
Kxh4 Rxh2+ 54. Kg5 Rd2 55. Kxf5 Rb2 56. a4 Rb3 57. Ra7+ Ke8 58. a5 Rb2 59. a6
Rb6 60. Nd5 Rb3 61. Re7+ Kd8 62. a7 Ra3 63. Rh7 1-0

[Event "NB II. Toth Laszlo csoport"]
[Site "Bekesszentandras"]
[Date "2024.03.03"]
[Round "5.2"]
[White "Puskas, Mihaly"]
[Black "Kakuk, Sandor"]
[Result "1/2-1/2"]
[WhiteElo "1978"]
[BlackElo "2048"]
[PlyCount "102"]
[EventDate "2023.10.08"]
[EventType "team-tourn"]
[EventRounds "9"]
[EventCountry "HUN"]
[Source "chess.hu"]
[WhiteTeam "Bekesszentandras-KuTE"]
[BlackTeam "Oroshazi SE"]
[WhiteTeamCountry "HUN"]
[BlackTeamCountry "HUN"]

1. d4 d5 2. c4 e6 3. Nc3 Nf6 4. cxd5 exd5 5. Bg5 Be7 6. e3 O-O 7. Bd3 Re8 8.
Qc2 Nbd7 9. Nf3 c6 10. O-O Nf8 11. Ne5 Ng4 12. Bxe7 Qxe7 13. Nxg4 Bxg4 14. Rab1
Qg5 15. Ne2 Re6 16. Ng3 Rh6 17. h3 Be6 18. b4 a6 19. a4 Rf6 20. b5 axb5 21.
axb5 h5 22. Kh2 h4 23. Ne2 Bf5 24. Bxf5 Qxf5 25. Qxf5 Rxf5 26. Nf4 Ra2 27. bxc6
bxc6 28. Rb8 g5 29. Nd3 Kg7 30. Rc8 Rd2 31. Nb4 Rb2 32. Nxc6 Rbxf2 33. Rxf2
Rxf2 34. Ne7 Re2 35. Nxd5 Nd7 36. Rc6 Re1 37. Rd6 Nf8 38. Ne7 Ne6 39. d5 Nc5
40. Nf5+ Kh7 41. Rc6 Ne4 42. d6 Rd1 43. Rc4 Nxd6 44. Nxd6 Rxd6 45. Rc2 Kg6 46.
g3 hxg3+ 47. Kxg3 Rd3 48. Kf3 Ra3 49. Rc8 f6 50. Rc7 f5 51. Kf2 Ra6 1/2-1/2

[Event "NB II. Toth Laszlo csoport"]
[Site "Bekesszentandras"]
[Date "2024.03.03"]
[Round "5.3"]
[White "Kulcsar, Jozsef"]
[Black "Hajdu, Istvan"]
[Result "1/2-1/2"]
[WhiteElo "1986"]
[BlackElo "1860"]
[PlyCount "32"]
[EventDate "2023.10.08"]
[EventType "team-tourn"]
[EventRounds "9"]
[EventCountry "HUN"]
[Source "chess.hu"]
[WhiteTeam "Oroshazi SE"]
[BlackTeam "Bekesszentandras-KuTE"]
[WhiteTeamCountry "HUN"]
[BlackTeamCountry "HUN"]

1. f4 f5 2. Nf3 Nf6 3. e3 e6 4. b3 b6 5. Bb2 Bb7 6. Be2 Be7 7. O-O O-O 8. c4
Ne4 9. Qc2 Nc6 10. Nc3 Nb4 11. Qb1 Nxc3 12. Bxc3 c5 13. a3 Nc6 14. d3 Bf6 15.
Qb2 Bxc3 16. Qxc3 Qf6 1/2-1/2

[Event "NB II. Toth Laszlo csoport"]
[Site "Bekesszentandras"]
[Date "2024.03.03"]
[Round "5.4"]
[White "Brhlik, Gyorgy"]
[Black "Bacsi, Kristof"]
[Result "1-0"]
[WhiteElo "1921"]
[BlackElo "1953"]
[PlyCount "69"]
[EventDate "2023.10.08"]
[EventType "team-tourn"]
[EventRounds "9"]
[EventCountry "HUN"]
[Source "chess.hu"]
[WhiteTeam "Bekesszentandras-KuTE"]
[BlackTeam "Oroshazi SE"]
[WhiteTeamCountry "HUN"]
[BlackTeamCountry "HUN"]

1. d4 d5 2. Nf3 Nf6 3. Bf4 e6 4. e3 c5 5. c3 Bd6 6. Bg3 Nc6 7. Be2 O-O 8. O-O
Bxg3 9. hxg3 Qd6 10. Bb5 a6 11. Bxc6 bxc6 12. Nbd2 Rb8 13. Qc2 Nd7 14. Ng5 g6
15. f4 cxd4 16. exd4 f6 17. Nh3 Nb6 18. Rae1 c5 19. Nf3 Nc4 20. b3 Na5 21. Kh2
Nc6 22. Nf2 cxd4 23. Nxd4 Nxd4 24. cxd4 Rb4 25. Rd1 e5 26. dxe5 fxe5 27. Nd3
Bf5 28. fxe5 Bxd3 29. Rxf8+ Qxf8 30. Qxd3 Rb5 31. a4 Ra5 32. Qf3 Qd8 33. Rf1 d4
34. Qf7+ Kh8 35. e6 1-0

[Event "NB II. Toth Laszlo csoport"]
[Site "Bekesszentandras"]
[Date "2024.03.03"]
[Round "5.5"]
[White "Monus, Zoltan"]
[Black "Bogar, Attila"]
[Result "1-0"]
[WhiteElo "1951"]
[BlackElo "1870"]
[PlyCount "53"]
[EventDate "2023.10.08"]
[EventType "team-tourn"]
[EventRounds "9"]
[EventCountry "HUN"]
[Source "chess.hu"]
[WhiteTeam "Oroshazi SE"]
[BlackTeam "Bekesszentandras-KuTE"]
[WhiteTeamCountry "HUN"]
[BlackTeamCountry "HUN"]

1. d4 d5 2. Nc3 Nf6 3. Bf4 c6 4. e3 Bf5 5. f3 Nh5 6. Bxb8 Qxb8 7. g4 Ng3 8.
hxg3 Qxg3+ 9. Kd2 Bg6 10. Qe1 Qc7 11. Bd3 Bxd3 12. cxd3 e6 13. Nge2 c5 14. dxc5
Bxc5 15. d4 Bb4 16. Rc1 Qa5 17. a3 Bd6 18. Qd1 Ke7 19. Qa4 Qxa4 20. Nxa4 b6 21.
Rc2 Rac8 22. Rxc8 Rxc8 23. Rxh7 Kf6 24. Nec3 Kg6 25. Rh1 Rc4 26. b3 Rc6 27. Nb5
1-0

[Event "NB II. Toth Laszlo csoport"]
[Site "Bekesszentandras"]
[Date "2024.03.03"]
[Round "5.6"]
[White "Zsirmik, Zsombor"]
[Black "Biro, Istvan"]
[Result "0-1"]
[WhiteElo "1735"]
[BlackElo "1985"]
[PlyCount "62"]
[EventDate "2023.10.08"]
[EventType "team-tourn"]
[EventRounds "9"]
[EventCountry "HUN"]
[Source "chess.hu"]
[WhiteTeam "Bekesszentandras-KuTE"]
[BlackTeam "Oroshazi SE"]
[WhiteTeamCountry "HUN"]
[BlackTeamCountry "HUN"]

1. e4 e6 2. d4 d5 3. exd5 exd5 4. Bd3 Bd6 5. Nc3 Ne7 6. Nge2 O-O 7. Be3 c6 8.
Qd2 Bf5 9. O-O-O b5 10. f3 b4 11. Na4 Qa5 12. b3 Nd7 13. Kb1 Qc7 14. g4 Bxd3
15. Qxd3 Nb6 16. Nb2 a5 17. Rdf1 a4 18. h4 Qa7 19. Nc1 f5 20. gxf5 Nxf5 21. Bf2
Bf4 22. Ne2 Bh6 23. Ng3 Nd6 24. Be3 Bxe3 25. Qxe3 Rfe8 26. Qd3 axb3 27. cxb3
Qxa2+ 28. Kc1 Ra3 29. Kc2 Nbc4 30. Rb1 Re3 31. Qf1 Qxb3+ 0-1

[Event "NB II. Toth Laszlo csoport"]
[Site "Bekesszentandras"]
[Date "2024.03.03"]
[Round "5.7"]
[White "Bogdany, Gabor"]
[Black "Kovacs, Tibor T"]
[Result "1/2-1/2"]
[WhiteElo "1951"]
[BlackElo "1789"]
[PlyCount "62"]
[EventDate "2023.10.08"]
[EventType "team-tourn"]
[EventRounds "9"]
[EventCountry "HUN"]
[Source "chess.hu"]
[WhiteTeam "Oroshazi SE"]
[BlackTeam "Bekesszentandras-KuTE"]
[WhiteTeamCountry "HUN"]
[BlackTeamCountry "HUN"]

1. e4 e6 2. d4 d5 3. e5 c5 4. c3 Qb6 5. Nf3 Bd7 6. a3 c4 7. Be2 Nc6 8. Qc2 Na5
9. Nbd2 Ne7 10. O-O Nec6 11. Rb1 Nb3 12. Nxb3 cxb3 13. Qd1 Na5 14. Be3 Bb5 15.
Nd2 Bxe2 16. Qxe2 Rc8 17. f4 g6 18. g4 Bh6 19. f5 Bxe3+ 20. Qxe3 gxf5 21. gxf5
Rg8+ 22. Kh1 Nc4 23. Nxc4 dxc4 24. fxe6 fxe6 25. Qf3 Qc6 26. Qxc6+ bxc6 27. Rf6
Ke7 28. Rg1 Rxg1+ 29. Kxg1 Rg8+ 30. Kf2 Rf8 31. Rxf8 Kxf8 1/2-1/2

[Event "NB II. Toth Laszlo csoport"]
[Site "Bekesszentandras"]
[Date "2024.03.03"]
[Round "5.8"]
[White "Mohay, Henrik"]
[Black "Berta, Gergely"]
[Result "1-0"]
[WhiteElo "1693"]
[BlackElo "1984"]
[PlyCount "225"]
[EventDate "2023.10.08"]
[EventType "team-tourn"]
[EventRounds "9"]
[EventCountry "HUN"]
[Source "chess.hu"]
[WhiteTeam "Bekesszentandras-KuTE"]
[BlackTeam "Oroshazi SE"]
[WhiteTeamCountry "HUN"]
[BlackTeamCountry "HUN"]

1. d4 Nf6 2. Nf3 g6 3. g3 Bg7 4. Bg2 O-O 5. O-O d6 6. b3 c6 7. Bb2 Qc7 8. Nbd2
Nbd7 9. Nc4 b5 10. Ncd2 Bb7 11. c4 Rad8 12. Qc2 Qb8 13. c5 Nd5 14. cxd6 exd6
15. e4 Nb4 16. Qc3 c5 17. a3 Nc6 18. Qd3 a6 19. Rab1 Rfe8 20. Rfe1 cxd4 21.
Nxd4 Nce5 22. Qe2 Nc5 23. N4f3 Ned3 24. Bxg7 Nxe1 25. Bf6 Nxf3+ 26. Bxf3 Rd7
27. Qe3 Re6 28. Bb2 Rde7 29. Bg4 f5 30. Qc3 Re5 31. f4 Nxe4 32. Nxe4 Bxe4 33.
fxe5 dxe5 34. Re1 Qb6+ 35. Qe3 Qb7 36. Bh3 Bh1 37. Qf2 Be4 38. Bg2 Bxg2 39.
Qxg2 Qxg2+ 40. Kxg2 Rd7 41. Re2 e4 42. Kf2 Kf7 43. b4 Rd3 44. Rc2 g5 45. Ke2 f4
46. gxf4 gxf4 47. Bc1 Ke6 48. Bxf4 Rxa3 49. Bc7 Rb3 50. Kf1 Kd5 51. Bb6 Rf3+
52. Kg2 Rb3 53. Bc5 Ke5 54. Ra2 Kf4 55. Kf2 Rf3+ 56. Ke1 Rb3 57. Bd6+ Ke3 58.
Re2+ Kd3 59. Bc5 Kc4 60. Rxe4+ Kd5 61. Rd4+ Ke5 62. Rh4 Rb2 63. Rxh7 Ra2 64.
Re7+ Kf5 65. Re2 Ra3 66. Kf2 Kg4 67. Re4+ Kf5 68. Re3 Ra2+ 69. Kg3 Ra1 70. Rf3+
Kg5 71. Be3+ Kg6 72. Kg4 Rb1 73. Bc5 Re1 74. h4 Re4+ 75. Kg3 Re2 76. Re3 Ra2
77. Kg4 Rg2+ 78. Rg3 Rc2 79. h5+ Kh7 80. Kg5 a5 81. Kf6 axb4 82. Bxb4 Rc6+ 83.
Kg5 Rc4 84. Rg4 Rc8 85. Rf4 Rg8+ 86. Kh4 Rc8 87. Be7 Rc7 88. Bf6 Rc6 89. Kg5
Rc5+ 90. Rf5 Rc1 91. Rxb5 Rg1+ 92. Kf5 Kh6 93. Ke6 Re1+ 94. Kf7 Rf1 95. Rg5 Rb1
96. Rd5 Rb7+ 97. Be7 Ra7 98. Ke6 Ra6+ 99. Bd6 Rb6 100. Kd7 Rb7+ 101. Kc6 Rf7
102. Bb4 Rf2 103. Bd2+ Kg7 104. Rg5+ Kh7 105. Rd5 Rf6+ 106. Rd6 Rf5 107. h6 Rh5
108. Rd7+ Kg8 109. Kd6 Rh2 110. Ke6 Re2+ 111. Kf6 Kh8 112. Bc3 Rc2 113. Kg6+
1-0

[Event "NB II. Toth Laszlo csoport"]
[Site "Bekesszentandras"]
[Date "2024.03.03"]
[Round "5.9"]
[White "Safran, Istvan"]
[Black "Aczel-Szabo, Csongor"]
[Result "0-1"]
[WhiteElo "1842"]
[BlackElo "1690"]
[PlyCount "62"]
[EventDate "2023.10.08"]
[EventType "team-tourn"]
[EventRounds "9"]
[EventCountry "HUN"]
[Source "chess.hu"]
[WhiteTeam "Oroshazi SE"]
[BlackTeam "Bekesszentandras-KuTE"]
[WhiteTeamCountry "HUN"]
[BlackTeamCountry "HUN"]

1. b4 Nf6 2. Bb2 g6 3. e3 Bg7 4. Be2 d6 5. a3 c6 6. c4 O-O 7. d3 d5 8. Nd2 Qc7
9. Ngf3 Nbd7 10. Qb3 b6 11. Rc1 e6 12. e4 dxe4 13. dxe4 c5 14. h3 Bb7 15. e5
Ne4 16. Nxe4 Bxe4 17. Ng5 Bxg2 18. Rh2 Bb7 19. f4 a5 20. b5 h6 21. h4 Nxe5 22.
Qh3 Nd3+ 23. Bxd3 Bxb2 24. Rxb2 Qxf4 25. Rcc2 hxg5 26. hxg5 Qf3 27. Rh2 Qxh3
28. Rxh3 Kg7 29. Rf2 Rh8 30. Re3 Rh5 31. Re5 Rd8 0-1

[Event "NB II. Toth Laszlo csoport"]
[Site "Bekesszentandras"]
[Date "2024.03.03"]
[Round "5.11"]
[White "Vaczi, Sandor"]
[Black "Juhasz, Attila"]
[Result "1/2-1/2"]
[WhiteElo "1848"]
[BlackElo "1570"]
[PlyCount "114"]
[EventDate "2023.10.08"]
[EventType "team-tourn"]
[EventRounds "9"]
[EventCountry "HUN"]
[Source "chess.hu"]
[WhiteTeam "Oroshazi SE"]
[BlackTeam "Bekesszentandras-KuTE"]
[WhiteTeamCountry "HUN"]
[BlackTeamCountry "HUN"]

1. d4 d5 2. Nf3 Nf6 3. Bf4 e6 4. e3 Be7 5. Bd3 Nbd7 6. O-O c5 7. c3 c4 8. Bc2
b5 9. a3 Bb7 10. Nbd2 a5 11. Re1 Nh5 12. Ne5 Nxf4 13. exf4 Nxe5 14. fxe5 g6 15.
f4 a4 16. Re3 Kd7 17. Qe2 Qf8 18. Re1 Qh6 19. Qf3 Bc6 20. Qg4 Qh4 21. Qxh4 Bxh4
22. R1e2 Be7 23. Nf3 h6 24. g3 Rag8 25. Rg2 Kc7 26. g4 Bd7 27. h4 h5 28. Ng5
Bxg5 29. fxg5 hxg4 30. Rxg4 Rg7 31. Kg2 Rgh7 32. Kg3 Kd8 33. Rf4 Ke7 34. Rf1
Kd8 35. Rh1 Rh5 36. Bd1 R5h7 37. h5 gxh5 38. Bxh5 Rg7 39. Kf4 Rhg8 40. Rg3 Ke7
41. Bf3 Ke8 42. Rh6 Ke7 43. Bd1 Ke8 44. Bc2 Ke7 45. Bh7 Rf8 46. Bc2 Rfg8 47.
Rh7 Rxh7 48. Bxh7 Rh8 49. Rh3 Kf8 50. Bf5 Rxh3 51. Bxh3 Kg7 52. Bf1 Be8 53. Be2
Bd7 54. Bd1 Bc6 55. Bc2 Be8 56. Kg4 Bd7 57. Kh4 Be8 1/2-1/2

[Event "NB II. Toth Laszlo csoport"]
[Site "Kiskunfelegyhaza"]
[Date "2024.03.03"]
[Round "5.1"]
[White "Csvila, Gabor"]
[Black "Pacal, Mihaly"]
[Result "1-0"]
[WhiteElo "2142"]
[BlackElo "2115"]
[PlyCount "87"]
[EventDate "2023.10.08"]
[EventType "team-tourn"]
[EventRounds "9"]
[EventCountry "HUN"]
[Source "chess.hu"]
[WhiteTeam "Neumann J. Egyetem"]
[BlackTeam "Felegyhaza-Csongrad"]
[WhiteTeamCountry "HUN"]
[BlackTeamCountry "HUN"]

1. d4 f5 2. c4 Nf6 3. Nc3 g6 4. Nf3 Bg7 5. Bf4 d6 6. e3 O-O 7. Be2 c6 8. O-O
Nh5 9. Qd2 Na6 10. h3 Qe8 11. Bh2 h6 12. Rab1 g5 13. b4 f4 14. b5 Nc7 15. bxc6
bxc6 16. Qc2 Bf5 17. Bd3 Qc8 18. Bxf5 Rxf5 19. Qa4 Ne6 20. Ne4 Nf6 21. Nxf6+
Rxf6 22. Qb3 Nd8 23. exf4 gxf4 24. Rfe1 Bf8 25. c5+ Kg7 26. cxd6 exd6 27. Re4
Rf7 28. Rxf4 Rxf4 29. Bxf4 Qf5 30. Bg3 Be7 31. Re1 Qf7 32. Qe3 Bf8 33. Qe4 Qg6
34. Qe2 Rb8 35. Nh4 Qf7 36. Qg4+ Kh7 37. Qe4+ Kg8 38. Nf5 Qf6 39. Qg4+ Kf7 40.
Bh4 Qg6 41. Qxg6+ Kxg6 42. Re8 Rb1+ 43. Kh2 Ne6 44. Rxe6+ 1-0